[Event "EU-ch U20"]
[Site "Aviles"]
[Date "2000.08.21"]
[Round "6"]
[White "De Vreugt, Dennis"]
[Black "Ortega Ruiz, Jose Miguel"]
[Result "1-0"]
[WhiteElo "2511"]
[BlackElo "2255"]
[EventDate "2000.08.18"]
[PlyCount "157"]

1.e4 c5 2.Nf3 e6 3.d4 cxd4 4.Nxd4 Nf6 5.Nc3 Nc6 6.Ndb5 Bb4 7.a3 Bxc3+ 8.
Nxc3 d5 9.exd5 Nxd5 10.Bd2 O-O 11.Qh5 Nf6 12.Qh4 Qd4 13.Qxd4 Nxd4 14.O-O-O
e5 15.Nb5 Nxb5 16.Bxb5 Bf5 17.f3 a6 18.Ba4 e4 19.Bc3 exf3 20.gxf3 Nh5 21.
Rd4 Rfd8 22.Rh4 Bg6 23.Bb3 Rd6 24.Rd1 Rxd1+ 25.Kxd1 Rd8+ 26.Ke2 h6 27.a4 
Kh7 28.a5 f6 29.Ke3 Be8 30.Re4 Bc6 31.Re7 Rd7 32.Rxd7 Bxd7 33.Bd5 Bc8 34.
Bd2 Kg6 35.c4 f5 36.Bc3 Nf6 37.Bxf6 Kxf6 38.Kd4 g5 39.b4 h5 40.b5 axb5 41.
cxb5 f4 42.h3 Kf5 43.Bc4 g4 44.hxg4+ hxg4 45.fxg4+ Kxg4 46.Kc5 Kf5 47.Kd6 
Ke4 48.Kc7 Kd4 49.Bf1 Be6 50.Bg2 Bd5 51.Bxd5 Kxd5 52.a6 f3 53.axb7 f2 54.
b8=Q f1=Q 55.Qa8+ Kc5 56.Qc6+ Kb4 57.b6 Qf7+ 58.Qd7 Qc4+ 59.Kb8 Qf4+ 60.
Ka7 Qf2 61.Qd5 Qe3 62.Qf5 Qg1 63.Qe5 Qf2 64.Qd6+ Kb5 65.Qd5+ Kb4 66.Kb7 
Qf6 67.Ka7 Qf2 68.Qe5 Qg1 69.Kb7 Qg8 70.Kc7 Qf7+ 71.Kc8 Qc4+ 72.Kd7 Qg4+ 
73.Ke7 Qh4+ 74.Ke8 Qh1 75.b7 Qc6+ 76.Kf8 Qh6+ 77.Ke7 Qh7+ 78.Kd8 Qg8+ 79.
Kd7 1-0

[Event "EU-ch U20"]
[Site "Aviles"]
[Date "2000.08.21"]
[Round "6"]
[White "Vink, Nico"]
[Black "Reinaldo Castineira, Roi"]
[Result "1/2-1/2"]
[WhiteElo "2296"]
[BlackElo "2416"]
[EventDate "2000.08.18"]
[PlyCount "63"]

1.e4 e6 2.d4 d5 3.Nd2 Nf6 4.e5 Nfd7 5.Bd3 c5 6.c3 Nc6 7.Ne2 cxd4 8.cxd4 f6
9.exf6 Nxf6 10.Nf3 Bd6 11.O-O O-O 12.Nc3 Bd7 13.Re1 Kh8 14.a3 Qb6 15.Bf1 
Rae8 16.Bg5 Re7 17.b4 a6 18.Rc1 Be8 19.Na4 Qc7 20.Nc5 Bh5 21.Be2 Bxf3 22.
Bxf3 Bxh2+ 23.Kh1 Bf4 24.Bxf4 Qxf4 25.Rxe6 Ne4 26.Kg1 Ng5 27.Rxe7 Nxf3+ 
28.Qxf3 Qxc1+ 29.Kh2 Qh6+ 30.Kg1 Qc1+ 31.Kh2 Qh6+ 32.Kg1 1/2-1/2

[Event "EU-ch U20"]
[Site "Aviles"]
[Date "2000.08.21"]
[Round "6"]
[White "Izoria, Zviad"]
[Black "Fluvia Poyatos, Jordi"]
[Result "1-0"]
[WhiteElo "2450"]
[BlackElo "2261"]
[EventDate "2000.08.18"]
[PlyCount "51"]

1.d4 e6 2.c4 Nf6 3.Nf3 Bb4+ 4.Bd2 a5 5.Nc3 d6 6.g3 Nbd7 7.Bg2 O-O 8.O-O e5
9.Qc2 c6 10.e4 exd4 11.Nxd4 Nc5 12.a3 Bxc3 13.Bxc3 Re8 14.f3 a4 15.Rad1 
Qb6 16.Qf2 d5 17.exd5 cxd5 18.Nb5 Be6 19.Bxf6 gxf6 20.Nc3 Nd7 21.cxd5 Bf5 
22.Rd4 Bc2 23.Bh3 Qxb2 24.Bxd7 Qxc3 25.Bxe8 Rxe8 26.Rc1 1-0

[Event "EU-ch U20"]
[Site "Aviles"]
[Date "2000.08.21"]
[Round "6"]
[White "Karttunen, Mika"]
[Black "Colin, Vincent"]
[Result "1/2-1/2"]
[WhiteElo "2399"]
[BlackElo "2294"]
[EventDate "2000.08.18"]
[PlyCount "77"]

1.d4 d5 2.c4 e6 3.Nf3 Nf6 4.g3 dxc4 5.Bg2 c5 6.O-O cxd4 7.Qa4+ Bd7 8.Qxc4 
Bc6 9.Rd1 Qd5 10.Rxd4 Qxc4 11.Rxc4 Nbd7 12.Bf4 Nd5 13.Bd2 e5 14.Na3 Be7 
15.Bh3 f6 16.Ba5 N7b6 17.Rc2 Kf7 18.Nc4 Nxc4 19.Rxc4 Nb6 20.Rc2 Nd5 21.Nd2
Nb6 22.Nb3 Rhd8 23.Nc5 Rd6 24.a4 Rad8 25.Rcc1 g6 26.b4 f5 27.b5 Bd5 28.Bb4
Rf6 29.a5 Nc8 30.Nd3 e4 31.Bxe7 Nxe7 32.Nb4 Rfd6 33.Rc7 R8d7 34.Rac1 Bc6 
35.Nxc6 bxc6 36.Rxd7 Rxd7 37.bxc6 Rc7 38.e3 Rxc6 39.Ra1 1/2-1/2

[Event "EU-ch U20"]
[Site "Aviles"]
[Date "2000.08.21"]
[Round "6"]
[White "Bursteinas, Romanas"]
[Black "Suarez Real, Alberto"]
[Result "1-0"]
[WhiteElo "2391"]
[BlackElo "2116"]
[EventDate "2000.08.18"]
[PlyCount "93"]

1.c4 g6 2.g3 Bg7 3.Bg2 e5 4.Nc3 d6 5.Rb1 a5 6.a3 f5 7.e3 Nf6 8.Nge2 c6 9.
O-O Be6 10.d3 O-O 11.b4 axb4 12.axb4 Nbd7 13.Qc2 d5 14.cxd5 cxd5 15.Qb3 
Nb6 16.Ba3 Qd7 17.d4 Nc4 18.Bc1 e4 19.b5 Qd6 20.Na4 b6 21.Nb2 Na5 22.Qd1 
Rfc8 23.Bd2 Qa3 24.Na4 Nc4 25.Ra1 Qd6 26.Bc3 Bd7 27.Qb3 Na5 28.Qb1 Bf8 29.
Nc5 Be8 30.Bxa5 Rxa5 31.Rxa5 bxa5 32.Qb3 Qb6 33.Rb1 Bxc5 34.dxc5 Qxc5 35.
Bf1 Rb8 36.Nc3 Bf7 37.Na4 Qd6 38.Qc3 Ng4 39.b6 Be6 40.b7 Ne5 41.Rb6 Nf3+ 
42.Kh1 Qe7 43.Qc6 d4 44.Qxe6+ Qxe6 45.Rxe6 Nd2 46.Rc6 Kf7 47.Rc7+ 1-0

[Event "EU-ch U20"]
[Site "Aviles"]
[Date "2000.08.21"]
[Round "6"]
[White "Stryjecki, Marek"]
[Black "Gomez Gomez, Salvador"]
[Result "1-0"]
[WhiteElo "2405"]
[BlackElo "2095"]
[EventDate "2000.08.18"]
[PlyCount "51"]

1.g3 e5 2.c4 Nf6 3.Bg2 d5 4.cxd5 Nxd5 5.Nc3 Nb6 6.Nf3 Nc6 7.O-O Be7 8.b3 
O-O 9.Bb2 Be6 10.Rc1 a5 11.d4 exd4 12.Nb5 d3 13.Nfd4 Nxd4 14.Nxd4 dxe2 15.
Qxe2 Bd5 16.Nf5 Bg5 17.Rcd1 Re8 18.Qg4 g6 19.Bxd5 Nxd5 20.h4 Bf6 21.Bxf6 
Nxf6 22.Nh6+ Kg7 23.Rxd8 Raxd8 24.Qf4 Re4 25.Nf5+ gxf5 26.Qg5+ 1-0

[Event "EU-ch U20"]
[Site "Aviles"]
[Date "2000.08.21"]
[Round "6"]
[White "Parkin, James"]
[Black "Bucher, Denis"]
[Result "1/2-1/2"]
[WhiteElo "2140"]
[BlackElo "2350"]
[EventDate "2000.08.18"]
[PlyCount "30"]

1.b3 d5 2.Bb2 Nf6 3.e3 c5 4.f4 Nc6 5.Bb5 Bg4 6.Nf3 e6 7.h3 Bxf3 8.Qxf3 Be7
9.Bxc6+ bxc6 10.d3 O-O 11.O-O a5 12.Nc3 Nd7 13.e4 c4 14.Na4 cxd3 15.cxd3 
Nc5 1/2-1/2

[Event "EU-ch U20"]
[Site "Aviles"]
[Date "2000.08.21"]
[Round "6"]
[White "Sanchez Aller, Fernando"]
[Black "Perez Candelario, Manuel"]
[Result "1-0"]
[WhiteElo "2137"]
[BlackElo "2300"]
[EventDate "2000.08.18"]
[PlyCount "67"]

1.e4 c5 2.Nf3 e6 3.d4 cxd4 4.Nxd4 Nf6 5.Nc3 d6 6.g4 e5 7.Nf5 g6 8.Ne3 a6 
9.g5 Nfd7 10.Ned5 Nc6 11.Be3 Bg7 12.Qd2 Nc5 13.Nf6+ Bxf6 14.gxf6 Bg4 15.
Bg2 Ne6 16.f3 Bh5 17.Nd5 g5 18.Bb6 Qd7 19.c3 Na7 20.O-O-O Nc8 21.Be3 Rg8 
22.Rhg1 Rg6 23.Qf2 b5 24.Bh3 h6 25.Bf5 a5 26.h4 b4 27.c4 Qc6 28.Kb1 b3 29.
a3 Qxc4 30.Rd2 Kf8 31.hxg5 hxg5 32.Bxg6 fxg6 33.Rc1 Qa4 34.Qg2 1-0

[Event "EU-ch U20"]
[Site "Aviles"]
[Date "2000.08.21"]
[Round "6"]
[White "Castaldo, Folco"]
[Black "Andres Gonzalez, Ivan"]
[Result "1/2-1/2"]
[WhiteElo "2227"]
[BlackElo "2176"]
[EventDate "2000.08.18"]
[PlyCount "49"]

1.e4 c5 2.Nf3 Nc6 3.c3 d5 4.exd5 Qxd5 5.d4 Bg4 6.Be2 e6 7.h3 Bh5 8.c4 Qd7 
9.d5 Bxf3 10.Bxf3 Nd4 11.Nc3 Nf6 12.O-O e5 13.Re1 Bd6 14.Bf4 Qf5 15.Bg3 
O-O 16.Be4 Qd7 17.Bd3 Qc7 18.Rc1 a6 19.a3 Rae8 20.Bb1 Nd7 21.Ne2 Nxe2+ 22.
Qxe2 f5 23.f3 g6 24.Bf2 Rb8 25.Bd3 1/2-1/2

[Event "EU-ch U20"]
[Site "Aviles"]
[Date "2000.08.21"]
[Round "6"]
[White "Rigo, Zsolt"]
[Black "Isik, Engin Yasar"]
[Result "1-0"]
[WhiteElo "2224"]
[BlackElo "2120"]
[EventDate "2000.08.18"]
[PlyCount "101"]

1.e4 c5 2.Nf3 Nc6 3.d4 cxd4 4.Nxd4 Nf6 5.Nc3 e5 6.Ndb5 d6 7.Bg5 a6 8.Na3 
b5 9.Nd5 Be7 10.Bxf6 Bxf6 11.c3 Bg5 12.Nc2 O-O 13.a4 bxa4 14.Rxa4 a5 15.
Bc4 Rb8 16.b3 Kh8 17.O-O f5 18.exf5 Bxf5 19.Nce3 Bg6 20.Be2 Bf7 21.Nc4 Nd4
22.cxd4 Bxd5 23.Nxa5 Qb6 24.dxe5 Bxb3 25.Nxb3 Qxb3 26.Qxb3 Rxb3 27.exd6 
Rb2 28.Re4 Rd2 29.Rd1 Rxd1+ 30.Bxd1 g6 31.g3 Rd8 32.Rd4 Kg7 33.Ba4 Bf6 34.
Rd1 Be5 35.d7 g5 36.Kg2 Kf7 37.Re1 Kf6 38.Rc1 Ke7 39.Rc8 Bf6 40.Kf3 h5 41.
Ke4 Kf7 42.Kf5 Be7 43.Bb3+ Kg7 44.Ke6 Kf8 45.Bd1 g4 46.Bc2 h4 47.Bf5 hxg3 
48.hxg3 Bg5 49.Bxg4 Kg7 50.f4 Bf6 51.Bf5 1-0

[Event "EU-ch U20"]
[Site "Aviles"]
[Date "2000.08.21"]
[Round "6"]
[White "Srebrnic, Marko"]
[Black "Zenklusen, Rico"]
[Result "1/2-1/2"]
[WhiteElo "2096"]
[BlackElo "2221"]
[EventDate "2000.08.18"]
[PlyCount "60"]

1.e4 c6 2.d4 d5 3.Nc3 dxe4 4.Nxe4 Nd7 5.Bc4 Ngf6 6.Nxf6+ Nxf6 7.c3 g6 8.
Ne2 Bg7 9.O-O O-O 10.Bf4 Nd5 11.Bg3 Be6 12.Bb3 Rc8 13.Re1 Qd7 14.Nc1 Bg4 
15.f3 Bf5 16.Nd3 Bxd3 17.Qxd3 e6 18.Rad1 Rfd8 19.Bh4 Bf6 20.Bxf6 Nxf6 21.
Qe2 Qc7 22.Qe5 Qxe5 23.Rxe5 Nd5 24.Kf2 Kg7 25.g3 Kf6 26.f4 Rc7 27.Kf3 Rcd7
28.g4 Ke7 29.Rde1 b6 30.h4 Rc7 1/2-1/2

[Event "EU-ch U20"]
[Site "Aviles"]
[Date "2000.08.21"]
[Round "6"]
[White "Bruned Carasco, Yvain"]
[Black "Tomic, Bosko"]
[Result "0-1"]
[WhiteElo "2012"]
[BlackElo "2151"]
[EventDate "2000.08.18"]
[PlyCount "50"]

1.e4 e5 2.Nf3 d6 3.d4 exd4 4.Nxd4 Nf6 5.Nc3 g6 6.f4 Nc6 7.Nxc6 bxc6 8.e5 
Nd7 9.exd6 cxd6 10.Be3 Be7 11.Qd2 O-O 12.O-O-O Qa5 13.Kb1 d5 14.a3 Rb8 15.
a4 Bb4 16.Kc1 Nc5 17.Qd4 Nxa4 18.Nxa4 Qxa4 19.c3 c5 20.Qxd5 Be6 21.Qd6 
Bxc3 22.bxc3 Qa2 23.Qxf8+ Kxf8 24.Bxc5+ Kg8 25.Bb4 a5 0-1

[Event "EU-ch U20"]
[Site "Aviles"]
[Date "2000.08.23"]
[Round "7"]
[White "Fluvia Poyatos, Joan"]
[Black "Moiseenko, Olexandr"]
[Result "0-1"]
[WhiteElo "2403"]
[BlackElo "2582"]
[EventDate "2000.08.18"]
[PlyCount "54"]

1.e4 c5 2.Nf3 Nc6 3.d4 cxd4 4.Nxd4 e5 5.Nb5 d6 6.c4 Be7 7.N1c3 a6 8.Na3 f5
9.Bd3 f4 10.Nc2 Nh6 11.b3 O-O 12.Nd5 Bg5 13.Be2 Be6 14.Bb2 Kh8 15.Qd3 Rc8 
16.Bc3 b5 17.cxb5 Bxd5 18.exd5 Na7 19.Bd2 e4 20.Qxe4 Re8 21.Qd3 Nxb5 22.
Rc1 Qe7 23.Kd1 Rc3 24.Re1 Rxd3 25.Bxd3 Qf7 26.Rxe8+ Qxe8 27.a4 Ng4 0-1

[Event "EU-ch U20"]
[Site "Aviles"]
[Date "2000.08.23"]
[Round "7"]
[White "Antoniewski, Rafal"]
[Black "Smirnov, Pavel"]
[Result "1/2-1/2"]
[WhiteElo "2446"]
[BlackElo "2487"]
[EventDate "2000.08.18"]
[PlyCount "177"]

1.d4 Nf6 2.Nf3 g6 3.c4 Bg7 4.Nc3 O-O 5.e4 d6 6.Be2 e5 7.O-O Nc6 8.d5 Ne7 
9.Ne1 Nd7 10.Be3 f5 11.f3 f4 12.Bf2 g5 13.g4 fxg3 14.hxg3 Ng6 15.Qd2 b6 
16.Ng2 Bh6 17.Be3 Rf7 18.b4 a5 19.a3 Nf6 20.Bxg5 Bxg5 21.Qxg5 Rg7 22.Qh6 
Qf8 23.Kh2 Bd7 24.bxa5 Rxa5 25.a4 Qe7 26.Nh4 Nxh4 27.Qxh4 Rg6 28.Kg2 Qg7 
29.Rh1 Ra8 30.Nb5 Kh8 31.Nxc7 Rg8 32.Kf2 Rxg3 33.Rab1 Rg6 34.Rxb6 Bxa4 35.
Rb7 Rc8 36.Ra7 Rxc7 37.Rxa4 Rc8 38.Rha1 Qb7 39.c5 Qb2 40.Rg1 Rxg1 41.Qxf6+
Rg7 42.Ra7 Qd4+ 43.Ke1 Qg1+ 44.Kd2 Rb8 45.Rxg7 Qxg7 46.Qxg7+ Kxg7 47.cxd6 
Rd8 48.Ke3 Rxd6 49.f4 Kf6 50.Bg4 Ra6 51.fxe5+ Kxe5 52.Bf5 Ra7 53.Kf3 Rg7 
54.Kf2 h5 55.Kf3 h4 56.Bg4 Rg5 57.Bf5 Rg3+ 58.Kf2 Kd6 59.Be6 Rg7 60.Kf3 
Ke5 61.Bg4 Rg6 62.Bf5 Rg3+ 63.Kf2 Rd3 64.Kg2 Kf4 65.Kh2 Rg3 66.d6 Rd3 67.
d7 h3 68.Bxh3 Rd2+ 69.Bg2 Rxd7 70.e5 Re7 71.Bc6 Rc7 72.Ba4 Ra7 73.Bb5 Ra5 
74.Bc6 Rxe5 75.Kg2 Re2+ 76.Kf1 Ke3 77.Bb7 Rf2+ 78.Kg1 Ke2 79.Bc6 Rf6 80.
Bb7 Rg6+ 81.Kh2 Ke3 82.Kh3 Kf4 83.Kh2 Kg4 84.Kg2 Rb6 85.Bd5 Rb2+ 86.Kf1 
Kf4 87.Bc6 Ke3 88.Kg1 Rf2 89.Bb7 1/2-1/2

[Event "EU-ch U20"]
[Site "Aviles"]
[Date "2000.08.23"]
[Round "7"]
[White "Jenni, Florian"]
[Black "Dottling, Fabian"]
[Result "1-0"]
[WhiteElo "2440"]
[BlackElo "2473"]
[EventDate "2000.08.18"]
[PlyCount "147"]

1.e4 c6 2.d4 d5 3.e5 Bf5 4.c3 e6 5.Be3 Nd7 6.Nd2 c5 7.Ngf3 Bg6 8.Be2 cxd4 
9.cxd4 Ne7 10.Nh4 Qb6 11.Qb3 Nc6 12.Nxg6 hxg6 13.Qxb6 Nxb6 14.O-O-O Rc8 
15.Kb1 Bb4 16.f4 a6 17.Bf2 Na5 18.a3 Be7 19.Ka2 Kd7 20.Bd3 Nbc4 21.Nb1 Rc7
22.Rc1 Nb6 23.Rxc7+ Kxc7 24.h4 Kd7 25.g4 Nc6 26.Nd2 g5 27.fxg5 Bxg5 28.Nf3
Be7 29.h5 Nc8 30.Be3 Bd8 31.Rf1 Ke8 32.Kb1 Be7 33.Kc2 N8a7 34.Rh1 Bd8 35.
Be2 Bb6 36.Kd3 Nb5 37.Bd1 Ke7 38.Ba4 Nba7 39.g5 Nb5 40.h6 g6 41.Bxb5 axb5 
42.Bd2 Kd7 43.Rc1 Bd8 44.Nh2 Be7 45.Ng4 Kc7 46.Rf1 Rh7 47.Nf6 Rh8 48.Rf2 
Kd8 49.Be1 Kc7 50.Rc2 Kb6 51.Bd2 Rd8 52.Rc1 Rh8 53.Bc3 Rd8 54.Rf1 Rh8 55.
Ke3 Kc7 56.Kf4 Kc8 57.Kg4 Bxf6 58.exf6 Kd7 59.Kf4 Rc8 60.Rh1 Ra8 61.Ke3 
Re8 62.Kd3 Rh8 63.Rh3 Kc7 64.Bd2 e5 65.dxe5 Kd7 66.Bc3 Ke6 67.Re3 d4 68.
Bxd4 Rd8 69.Re4 Kf5 70.Ke3 Kxg5 71.h7 Rh8 72.e6 Nxd4 73.Rxd4 fxe6 74.f7 
1-0

[Event "EU-ch U20"]
[Site "Aviles"]
[Date "2000.08.23"]
[Round "7"]
[White "Blehm, Pawel"]
[Black "Hunt, Adam"]
[Result "1-0"]
[WhiteElo "2518"]
[BlackElo "2392"]
[EventDate "2000.08.18"]
[PlyCount "115"]

1.e4 c5 2.Nf3 d6 3.d4 cxd4 4.Nxd4 Nf6 5.Nc3 a6 6.Be3 Ng4 7.Bg5 h6 8.Bh4 g5
9.Bg3 Bg7 10.Be2 h5 11.Bxg4 Bxg4 12.f3 Bd7 13.Bf2 Nc6 14.O-O Rc8 15.Nd5 
Nxd4 16.Bxd4 Bxd4+ 17.Qxd4 f6 18.Qd2 Be6 19.Rfe1 Kf8 20.c3 Rh7 21.f4 gxf4 
22.Nxf4 Bf7 23.Re3 Qb6 24.Kh1 Rc5 25.Rf3 Re5 26.Re1 Rg7 27.b3 Qc6 28.Rfe3 
Reg5 29.Rg1 Rg4 30.Qf2 b5 31.h3 R4g5 32.Ne2 Be6 33.Nd4 Qc8 34.Qh4 Bd7 35.
b4 Qc4 36.Nf3 R5g6 37.Qf2 Kg8 38.Nh4 Rg5 39.Rge1 Kh8 40.Qd2 Be6 41.R1e2 
Kh7 42.Rf2 Rg3 43.Rxg3 Rxg3 44.Nf3 d5 45.e5 Bxh3 46.exf6 exf6 47.Nd4 Qc8 
48.Qc2+ Kh8 49.Qe2 Qg8 50.Qxh5+ Qh7 51.Qxh7+ Kxh7 52.Kh2 Rxc3 53.gxh3 Rc4 
54.Nc2 d4 55.Rd2 d3 56.Ne1 Rxb4 57.Kg3 Kg6 58.Nxd3 1-0

[Event "EU-ch U20"]
[Site "Aviles"]
[Date "2000.08.23"]
[Round "7"]
[White "Iliushin, Alexei"]
[Black "Karttunen, Mika"]
[Result "1/2-1/2"]
[WhiteElo "2509"]
[BlackElo "2399"]
[EventDate "2000.08.18"]
[PlyCount "95"]

1.d4 d5 2.c4 c6 3.Nf3 Nf6 4.Qc2 g6 5.Bf4 Bg7 6.e3 O-O 7.Nc3 e6 8.c5 b6 9.
Bd6 Re8 10.Bd3 Nfd7 11.cxb6 axb6 12.O-O f5 13.Ne5 Nxe5 14.dxe5 Nd7 15.f4 
Ba6 16.Bxa6 Rxa6 17.b4 b5 18.Ne2 Qa8 19.Rfc1 Nb6 20.Qxc6 Nc4 21.Qxa8 Rexa8
22.Bc5 Kf7 23.Nd4 Rb8 24.Rc3 Rb7 25.Kf2 Ra8 26.Ke2 Ra6 27.a3 Rb8 28.Ra2 
Rb7 29.Kd3 Bf8 30.Bxf8 Kxf8 31.Nb3 Rba7 32.Nc5 Rc6 33.Kc2 Ke7 34.Kb3 Rc8 
35.a4 bxa4+ 36.Rxa4 Rxa4 37.Nxa4 Nd2+ 38.Kc2 Nc4 39.Kc1 Ra8 40.Nb2 Ra1+ 
41.Kc2 Ra2 42.Rb3 Na3+ 43.Kd3 Nb5 44.Ke2 Kd7 45.Kf3 Kc6 46.Nd3 d4 47.Nc1 
Ra1 48.Ne2 1/2-1/2

[Event "EU-ch U20"]
[Site "Aviles"]
[Date "2000.08.23"]
[Round "7"]
[White "Berg, Emanuel"]
[Black "Navara, David"]
[Result "1-0"]
[WhiteElo "2456"]
[BlackElo "2433"]
[EventDate "2000.08.18"]
[PlyCount "97"]

1.e4 c5 2.Nf3 d6 3.d4 cxd4 4.Nxd4 Nf6 5.Nc3 a6 6.Be3 Nc6 7.f3 e6 8.g4 Be7 
9.Qd2 O-O 10.O-O-O Nxd4 11.Bxd4 b5 12.Kb1 Rb8 13.h4 Nd7 14.g5 Qc7 15.Bd3 
b4 16.Ne2 Ne5 17.f4 Nc4 18.Bxc4 Qxc4 19.Ng3 Rb5 20.h5 e5 21.Be3 exf4 22.
Bxf4 Be6 23.b3 Qc3 24.Qxc3 bxc3 25.Bxd6 Bxd6 26.Rxd6 Rxg5 27.Ne2 Rc8 28.
Nxc3 Kf8 29.Nd5 Re5 30.Rh4 a5 31.Kb2 f5 32.Nf4 Bf7 33.exf5 Rxf5 34.c4 a4 
35.Kc3 axb3 36.axb3 Rg5 37.Rh3 Rf5 38.Rd4 Ke7 39.Re3+ Kf6 40.Rd6+ Kg5 41.
Ne6+ Bxe6 42.Rdxe6 Kxh5 43.Re7 Rg5 44.b4 Rg4 45.c5 Rd8 46.R7e4 Rg1 47.Kc4 
g5 48.c6 g4 49.Re1 1-0

[Event "EU-ch U20"]
[Site "Aviles"]
[Date "2000.08.23"]
[Round "7"]
[White "Pert, Nicholas"]
[Black "Sedlak, Nikola"]
[Result "0-1"]
[WhiteElo "2455"]
[BlackElo "2423"]
[EventDate "2000.08.18"]
[PlyCount "100"]

1.d4 d5 2.c4 c6 3.Nf3 Nf6 4.e3 Bf5 5.cxd5 cxd5 6.Nc3 e6 7.Ne5 Nfd7 8.Qb3 
Qc7 9.Nxd7 Qxd7 10.Bd2 Nc6 11.Be2 Bd6 12.Rc1 O-O 13.g4 Bg6 14.h4 f6 15.Na4
Qe7 16.Nc5 Rab8 17.h5 Bf7 18.Qd3 e5 19.a3 Rbe8 20.Nb3 Be6 21.Na5 Nd8 22.
Bc3 b6 23.Nb3 Nf7 24.Nd2 Ng5 25.h6 g6 26.dxe5 fxe5 27.f4 d4 28.fxg5 dxc3 
29.Rxc3 Rd8 30.Qc2 e4 31.Rf1 Bg3+ 32.Kd1 Rxf1+ 33.Bxf1 Qf8 34.Bb5 Qf2 35.
Kc1 Qe1+ 36.Qd1 Rxd2 37.Qxe1 Bxe1 38.Rc7 Bb3 39.Bc4+ Bxc4 40.Rxc4 Rd7 41.
Rxe4 Bh4 42.Re5 Kf7 43.Rb5 Rc7+ 44.Kd2 Rc5 45.Rxc5 bxc5 46.Kd3 Bxg5 47.e4 
Bxh6 48.Kc4 Bc1 49.Kxc5 Bxb2 50.a4 Ke6 0-1

[Event "EU-ch U20"]
[Site "Aviles"]
[Date "2000.08.23"]
[Round "7"]
[White "Dovliatov, Sanan"]
[Black "De Vreugt, Dennis"]
[Result "0-1"]
[WhiteElo "2360"]
[BlackElo "2511"]
[EventDate "2000.08.18"]
[PlyCount "72"]

1.e4 c5 2.Nf3 e6 3.d4 cxd4 4.Nxd4 Nf6 5.Nc3 d6 6.g3 Be7 7.Bg2 O-O 8.O-O a6
9.b3 Qc7 10.Bb2 Nc6 11.Nxc6 bxc6 12.Na4 d5 13.exd5 exd5 14.c4 dxc4 15.bxc4
Be6 16.Qc2 Nd7 17.Rab1 Ne5 18.Bd4 Nxc4 19.Nb6 Rad8 20.Bxg7 Nxb6 21.Bxf8 
Bxf8 22.Qxc6 Qxc6 23.Bxc6 Bc5 24.Rfd1 Rxd1+ 25.Rxd1 a5 26.a4 Bb4 27.h4 Bb3
28.Ra1 Kf8 29.g4 Ke7 30.g5 Kd6 31.Be8 Nd7 32.Kg2 Ke7 33.Bxd7 Kxd7 34.f4 
Be6 35.Kf3 Bf5 36.Kg3 Bd2 0-1

[Event "EU-ch U20"]
[Site "Aviles"]
[Date "2000.08.23"]
[Round "7"]
[White "Kallio, Heikki"]
[Black "Mateuta, Gabriel"]
[Result "1-0"]
[WhiteElo "2451"]
[BlackElo "2409"]
[EventDate "2000.08.18"]
[PlyCount "97"]

1.e4 c6 2.d4 d5 3.e5 c5 4.dxc5 e6 5.Be3 Nh6 6.c3 Qc7 7.Nf3 Nf5 8.Bd4 Bxc5 
9.Bxc5 Qxc5 10.Bd3 Ne7 11.h4 Nd7 12.O-O f6 13.exf6 Nxf6 14.Nbd2 Nc6 15.Qc2
O-O 16.Rae1 Qd6 17.Qd1 e5 18.Nc4 Qc7 19.Ncxe5 Kh8 20.Nxc6 bxc6 21.Ne5 Re8 
22.f4 Qb6+ 23.Rf2 Bg4 24.Qd2 Bh5 25.Bf5 Rf8 26.g4 Be8 27.Kg2 Rd8 28.g5 Nh5
29.Bb1 d4 30.c4 d3 31.Bxd3 Bg6 32.Qe3 Bxd3 33.Nxd3 Qa5 34.Ne5 Nxf4+ 35.
Rxf4 Rxf4 36.Qxf4 Qxe1 37.Nf7+ Kg8 38.Nxd8 Qe2+ 39.Qf2 Qg4+ 40.Kh2 Qxc4 
41.Qe3 Qxh4+ 42.Kg2 Qg4+ 43.Kf2 Qh4+ 44.Kf3 Qh3+ 45.Kf4 Qh2+ 46.Kf5 Qc2+ 
47.Ke6 Qxb2 48.Kd7 h5 49.Qe6+ 1-0

[Event "EU-ch U20"]
[Site "Aviles"]
[Date "2000.08.23"]
[Round "7"]
[White "Colin, Vincent"]
[Black "Mah, Karl"]
[Result "1-0"]
[WhiteElo "2294"]
[BlackElo "2411"]
[EventDate "2000.08.18"]
[PlyCount "79"]

1.e4 c5 2.Nf3 d6 3.d4 Nf6 4.Nc3 cxd4 5.Nxd4 g6 6.Be3 Bg7 7.f3 O-O 8.Qd2 
Nc6 9.Bc4 Bd7 10.O-O-O Ne5 11.Bb3 Rc8 12.Kb1 Nc4 13.Bxc4 Rxc4 14.g4 Be6 
15.h4 Qa5 16.Nd5 Qxd2 17.Nxe7+ Kh8 18.Rxd2 Re8 19.Nxe6 fxe6 20.Nxg6+ hxg6 
21.Rxd6 Bf8 22.Rd3 b6 23.h5 Kh7 24.hxg6+ Kxg6 25.b3 Rc7 26.c4 e5 27.Rhd1 
Bc5 28.Bxc5 Rxc5 29.Rd6 Kg5 30.Rc1 Rc7 31.b4 Rec8 32.Re6 Nd7 33.Re7 Kf4 
34.Rf7+ Ke3 35.g5 Nf8 36.Rf5 Ng6 37.Rf6 Nf4 38.Rc3+ Kd4 39.Kb2 Rxc4 40.
Rd6+ 1-0

[Event "EU-ch U20"]
[Site "Aviles"]
[Date "2000.08.23"]
[Round "7"]
[White "Bekker-Jensen, Simon"]
[Black "Vink, Nico"]
[Result "1/2-1/2"]
[WhiteElo "2388"]
[BlackElo "2296"]
[EventDate "2000.08.18"]
[PlyCount "33"]

1.d4 Nf6 2.c4 e6 3.Nc3 Bb4 4.e3 O-O 5.Ne2 d5 6.a3 Be7 7.cxd5 exd5 8.Ng3 
Re8 9.b4 Nbd7 10.Bd3 c6 11.Qc2 Nb6 12.O-O Bd7 13.f3 a5 14.bxa5 Rxa5 15.e4 
dxe4 16.fxe4 Be6 17.Nce2 1/2-1/2

[Event "EU-ch U20"]
[Site "Aviles"]
[Date "2000.08.23"]
[Round "7"]
[White "Reinaldo Castineira, Roi"]
[Black "Atakisi, Umut"]
[Result "1-0"]
[WhiteElo "2416"]
[BlackElo "2258"]
[EventDate "2000.08.18"]
[PlyCount "53"]

1.e4 c5 2.Nf3 Nc6 3.d4 cxd4 4.Nxd4 Nf6 5.Nc3 e5 6.Ndb5 d6 7.Bg5 a6 8.Na3 
b5 9.Bxf6 gxf6 10.Nd5 Bg7 11.g3 f5 12.Bg2 fxe4 13.Bxe4 O-O 14.Ne3 Qc7 15.
Qh5 f5 16.Nxf5 Bxf5 17.Bxf5 Bf6 18.c3 b4 19.Nc4 bxc3 20.bxc3 Ra7 21.O-O 
Kh8 22.Ne3 Qg7 23.Rad1 Be7 24.Be4 Nd8 25.Nf5 Qf6 26.Nh4 Rf7 27.f4 1-0

[Event "EU-ch U20"]
[Site "Aviles"]
[Date "2000.08.23"]
[Round "7"]
[White "Rigo, Zsolt"]
[Black "Bitansky, Igor"]
[Result "0-1"]
[WhiteElo "2224"]
[BlackElo "2359"]
[EventDate "2000.08.18"]
[PlyCount "66"]

1.e4 e5 2.Nc3 Nc6 3.Bc4 Nf6 4.d3 Na5 5.Nge2 c6 6.f4 Nxc4 7.dxc4 Bc5 8.Ng3 
d6 9.f5 a6 10.a4 h5 11.Bg5 Qb6 12.Bxf6 gxf6 13.Qd3 Qxb2 14.Rb1 Qa3 15.Nge2
Ba7 16.Kd2 Qc5 17.Rhf1 Ke7 18.Nc1 Qd4 19.Nb3 Qxd3+ 20.cxd3 Bd7 21.a5 Rag8 
22.g3 h4 23.Ne2 hxg3 24.hxg3 Rh2 25.Rh1 Rg2 26.Ke1 Bc8 27.c5 dxc5 28.Kf1 
R2xg3 29.Nxg3 Rxg3 30.Rh8 c4 31.Nd2 c3 32.Rxc8 Rg1+ 33.Ke2 Rxb1 0-1

[Event "EU-ch U20"]
[Site "Aviles"]
[Date "2000.08.23"]
[Round "7"]
[White "Fernandez Romero, Ernesto"]
[Black "Sanchez Aller, Fernando"]
[Result "1-0"]
[WhiteElo "2383"]
[BlackElo "2137"]
[EventDate "2000.08.18"]
[PlyCount "89"]

1.d4 Nf6 2.c4 g6 3.Nc3 Bg7 4.e4 d6 5.Be2 O-O 6.Be3 Nbd7 7.g4 e5 8.d5 Nc5 
9.Bf3 a5 10.h4 Qd7 11.g5 Ng4 12.Qe2 Nxe3 13.fxe3 Na4 14.Nd1 c6 15.b3 Nc5 
16.Nc3 Qc7 17.h5 Qb6 18.hxg6 hxg6 19.Rb1 Qb4 20.Qd2 a4 21.bxa4 Qa3 22.Bd1 
Rd8 23.Nge2 cxd5 24.cxd5 Bd7 25.O-O Rdc8 26.Rb6 Bxa4 27.Bxa4 Nxa4 28.Rb3 
Qc5 29.Nxa4 Rxa4 30.Rc1 Rc4 31.Rxc4 Qxc4 32.Rc3 Qxe4 33.Rxc8+ Bf8 34.Rc1 
Qg4+ 35.Kf2 Qf5+ 36.Kg2 Qe4+ 37.Kg3 Be7 38.Nc3 Qf5 39.e4 Qd7 40.a4 Qd8 41.
Kg4 Qd7+ 42.Kh4 f6 43.Nb5 fxg5+ 44.Kg3 Bd8 45.Rf1 1-0

[Event "EU-ch U20"]
[Site "Aviles"]
[Date "2000.08.23"]
[Round "7"]
[White "Biti, Ozren"]
[Black "Cheparinov, Ivan"]
[Result "1/2-1/2"]
[WhiteElo "2323"]
[BlackElo "2189"]
[EventDate "2000.08.18"]
[PlyCount "78"]

1.e4 c5 2.Nc3 Nc6 3.f4 g6 4.Nf3 Bg7 5.g3 d6 6.Bg2 b6 7.O-O Bb7 8.d3 Qd7 9.
Be3 e6 10.d4 Na5 11.Qe2 Nf6 12.dxc5 Ng4 13.Bd2 Qc8 14.b4 Ba6 15.Nb5 O-O 
16.e5 d5 17.Nfd4 bxc5 18.bxc5 Qxc5 19.Kh1 Bxb5 20.Nxb5 Nc4 21.Rab1 Nxd2 
22.Qxd2 Ne3 23.Rf3 Nc4 24.Qd1 Rfc8 25.Rfb3 Ne3 26.Qd2 Nxg2 27.Rc3 Qb6 28.
Kxg2 Rxc3 29.Nxc3 Qa5 30.Rb5 Qc7 31.Ne2 Qc4 32.Rb3 Bf8 33.Qd3 Rc8 34.Rc3 
Qxd3 35.cxd3 Rb8 36.Rb3 Rc8 37.Rc3 Rb8 38.Rb3 Rc8 39.Rc3 Rb8 1/2-1/2

[Event "EU-ch U20"]
[Site "Aviles"]
[Date "2000.08.23"]
[Round "7"]
[White "Moreno Tejera, Emilio"]
[Black "Bucher, Denis"]
[Result "1/2-1/2"]
[WhiteElo "2139"]
[BlackElo "2350"]
[EventDate "2000.08.18"]
[PlyCount "46"]

1.e4 c5 2.Nf3 Nc6 3.Bb5 g6 4.O-O Bg7 5.Nc3 Nd4 6.Nxd4 cxd4 7.Ne2 Qb6 8.Bc4
Nf6 9.d3 O-O 10.Bb3 d6 11.a4 Nd7 12.c3 e5 13.a5 Qd8 14.cxd4 exd4 15.Bc4 
Kh8 16.b4 Nf6 17.Bb2 d5 18.exd5 Nxd5 19.Qb3 Nc7 20.Nf4 Qd6 21.Nd5 Bf5 22.
Nxc7 Qxc7 23.Rac1 Qd7 1/2-1/2

[Event "EU-ch U20"]
[Site "Aviles"]
[Date "2000.08.23"]
[Round "7"]
[White "Magalhaes, Pedro"]
[Black "Gonzalez Menendez, Ivan"]
[Result "0-1"]
[WhiteElo "2131"]
[BlackElo "2242"]
[EventDate "2000.08.18"]
[PlyCount "32"]

1.e4 e6 2.d4 d5 3.Nc3 Bb4 4.e5 c5 5.Qg4 Ne7 6.dxc5 Nbc6 7.Nf3 O-O 8.Bd3 f5
9.exf6 Rxf6 10.Qh5 h6 11.Bg5 hxg5 12.Qh7+ Kf8 13.Qh8+ Ng8 14.Nxg5 Rh6 15.
Nh7+ Kf7 16.Ng5+ Qxg5 0-1